000 01390nam a22003497a 4500
003 CHAP
005 20220329143451.0
008 091117s2009 mx r 00010 spa d
010 _a97085
011 _a98057
035 _a108734
040 _cCHAP
090 _aTesis
100 0 0 _aChavero Jaramillo, Jesús.
_922056
245 1 0 _aEvaluación de la efectividad biologica de Steinernema carpocapsae (Rhabditida: Steinermatidae) en el control de gallina ciega Phyllophaga obsoleta B. (Coleoptera: Melolonthidae).
_c/por Jesús Chavero Jaramillo
260 _aChapingo, Méx. :
_bEl autor,
_c2009
300 _avi, 66 h. :
_bapendice, cuadros, gráfs. , ilus.
502 _aTesis (M.C. en Protección Vegetal) -- UACH. Departamento de Parasitología Agrícola
590 _aALEPH
_b10
_c20130110
_lUCH01
_h1531
590 _aBATCH-UPD
_b10
_c20130110
_lUCH01
_h0938
590 _aBATCH-UPD
_b10
_c20130410
_lUCH01
_h0556
590 _aBATCH-UPD
_b10
_c20130914
_lUCH01
_h0919
590 _aCONVERSION
_b10
_c20130109
_lUCH01
_h1354
650 1 4 _aControl biológico de nemátodos.
_927586
650 1 4 _aNemátodos
_xLarvas.
_980822
650 1 4 _aPhyllophaga.
_987881
901 _aBK
911 _aen proceso
942 _cFOLL
949 _aTEsis
_bBC
_cTES
_d33724002105132
_eTS1
_gDonaciØn
_h49722
_i108734
_sb
949 _aTesis
_bBC
_cTES
_d33724002105173
_eTS2
_fc.2
_gDonaciØn
_h49723
_i108734
_sb
999 _c97085
_d97085